banner koha

Manejo da ervilhaça comum (Vicia sativa L.)para cultivo do milho em sucessão, sob adubação nitrogenada (Registro n. 190285)

MARC details
000 -LÍDER
campo de controle de tamanho fixo 00928nas a2200301 4500
001 - NÚMERO DE CONTROLE
campo de controle BR0707341
003 - IDENTIFICADOR DO NÚMERO DE CONTROLE
campo de controle BR-BrBNA
005 - DATA E HORÁRIO DA ÚLTIMA TRANSAÇÃO
campo de controle 20231205111033.0
007 - CAMPO FIXO DE DESCRIÇÃO FÍSICA--INFORMAÇÃO GERAL
campo de controle de tamanho fixo ta
008 - CAMPO DE DADOS FIXOS--INFORMAÇÃO GERAL
campo de controle de tamanho fixo 230509b bl.|||p| |||| 00| 00por d
040 ## - FONTE DA CATALOGAÇÃO
Instituição da catalogação original BR-BrBNA
Idioma da catalogação por
Instituição que transcreveu o registro Biblioteca Nacional de Agricultura
041 ## - CÓDIGO DE IDIOMA
Código do idioma do texto/trilha sonora ou título diferente (Pt)
072 ## - CÓDIGO DE CATEGORIA DE ASSUNTO
Código de Categoria de Assunto F08; F04
100 1# - ENTRADA PRINCIPAL--NOME PESSOAL
Nome pessoal Silva, P.R.F. da
100 1# - ENTRADA PRINCIPAL--NOME PESSOAL
Nome pessoal Silva, A.A. da
100 1# - ENTRADA PRINCIPAL--NOME PESSOAL
Nome pessoal Argenta, G.
100 1# - ENTRADA PRINCIPAL--NOME PESSOAL
Nome pessoal Streider, M.L.
100 1# - ENTRADA PRINCIPAL--NOME PESSOAL
Nome pessoal Forsthofer, E.L.
245 1# - TÍTULO
Título Manejo da ervilhaça comum (Vicia sativa L.)para cultivo do milho em sucessão, sob adubação nitrogenada
650 ## - ASSUNTO--TERMO TÓPICO
Cabeçalho tópico ou nome geográfico ERVILHAÇA
650 ## - ASSUNTO--TERMO TÓPICO
Cabeçalho tópico ou nome geográfico MILHO
650 ## - ASSUNTO--TERMO TÓPICO
Cabeçalho tópico ou nome geográfico CONSORCIAÇÃO DE CULTURA
650 ## - ASSUNTO--TERMO TÓPICO
Cabeçalho tópico ou nome geográfico ADUBAÇÃO
650 ## - ASSUNTO--TERMO TÓPICO
Cabeçalho tópico ou nome geográfico NITROGENIO
773 0# - ENTRADA ANALÍTICA
Título Revista Brasileira de Milho e Sorgo (Brazil)
ISSN - International Standard Serial Number ISSN 1676-689X
Partes relacionadas (Jan-Apr 2007), v. 6(1) p. 50-59
Número de controle do registro BR0707341
909 ## -
-- 202311
-- Lúcia
-- 55
-- Lúcia Elande
942 ## - ELEMENTOS DE ENTRADA ADICIONADOS (KOHA)
Fonte da classificação ou esquema de arquivamento na estante Classificação AGRIS
Ocultar no OPAC Não
Tipo de material Koha Analítica
Exemplares
Situação do descarte Fonte da classificação ou esquema de arquivamento na estante Situação física Não pode ser emprestado Biblioteca de origem Biblioteca atual Localização na estante Enumeração do periódico / cronologia Total de empréstimos Data de último acesso Número do exemplar Tipo de material Koha Fonte de aquisição
  Classificação AGRIS   Consulta local Biblioteca Nacional de Agricultura - Binagri Biblioteca Nacional de Agricultura - Binagri   (Jan-Apr 2007), v. 6(1) p. 50-59   29/11/2023 01 Periódicos Portaria Interministerial nº 164/94

BINAGRI

Telefone: (61)3218-2567/2388/3357/2097 - binagri@agro.gov.br

Ministério da Agricultura e Pecuária , Esplanada dos Ministérios, Bloco D, Anexo B, Brasília/DF, CEP: 70.043-900